Plus grandes villes de banlieue par agglomération française - Statistiques

Statistiques générales
  • Ce quiz a été pris 2 218 fois
  • Le résultat moyen est 10 sur 25
Statistiques - réponses
Agglomération Principales banlieues % Correct
Paris Boulogne-Billancourt | Saint-Denis | Montreuil
94%
Lyon Villeurbanne | Vénissieux | Vaulx-en-Velin
92%
Lille Roubaix | Tourcoing | Villeneuve-d'Ascq
83%
Bordeaux Mérignac | Pessac | Talence
68%
Bayonne Anglet | Biarritz | Hendaye
58%
Marseille - Aix-en-Provence Martigues | Aubagne | Istres
57%
Nice Cannes | Antibes | Cagnes-sur-Mer
56%
Toulouse Colomiers | Tournefeuille | Blagnac
51%
Toulon La Seyne-sur-Mer | Hyères | La Ciotat
49%
Nantes Saint-Herblain | Rezé | Saint-Sébastien-sur-Loire
45%
Rouen Sotteville-lès-Rouen | Saint-Etienne-du-Rouvray | Le Grand-Quevilly
43%
Grenoble Saint-Martin-d'Hères | Echirolles | Fontaine
42%
Tours Joué-lès-Tours | Saint-Cyr-sur-Loire | Saint-Pierre-des-Corps
39%
Strasbourg Schiltigheim | Illkirch-Graffenstaden | Lingolsheim
32%
Avignon Carpentras | Orange | Cavaillon
30%
Saint-Etienne Saint-Chamond | Firminy | Rive-de-Gier
26%
Douai - Lens Liévin | Hénin-Beaumont | Avion
25%
Orléans Olivet | Saint-Jean-de-Braye | Fleury-les-Aubrais
24%
Rennes Bruz | Cesson-Sévigné | Saint-Jacques-de-la-Lande
23%
Metz Montigny-lès-Metz | Woippy | Maizières-lès-Metz
23%
Nancy Vandoeuvre-lès-Nancy | Villers-lès-Nancy | Laxou
23%
Montpellier Castelnau-le-Lez | Lattes | Juvignac
21%
Clermont-Ferrand Cournon-d'Auvergne | Chamalières | Aubière
18%
Dijon Chenôve | Talant | Chevigny-Saint-Sauveur
12%
Pointe-à-Pitre - Les Abymes Baie-Mahault | Le Gosier | Petit-Bourg
9%
Aucun quiz correspondant
Distribution des résultats
% des personnes avec chaque résultat
Percentile par nombre de réponses
Votre historique - résultats
Vous n’avez pas pris ce quiz